| 000 | 01007nam a2200301Ia 4500 | ||
|---|---|---|---|
| 001 | 57280 | ||
| 003 | CO-BoRNBP | ||
| 005 | 20250611170945.0 | ||
| 007 | ta | ||
| 008 | 180109s2016 ck g 000 0 spa | ||
| 020 | _a9789588925363 | ||
| 040 |
_aCO-BoRNBP _bspa _erda _cCO-BoRNBP |
||
| 041 | _aspa | ||
| 084 | _aN DOS1 | ||
| 100 | 1 |
_aDostoiévski, Fiódor, _d1821-1881 _960207 |
|
| 245 | 1 | 4 |
_aLos hermanos Karamazov _cFiódor M. Dostoiévski ; introducción de David McDuff ; traducción de José Laín Entralgo |
| 250 | _aPrimera edición | ||
| 264 | 1 |
_aBogotá _bPenguin clásicos _c2016 |
|
| 300 |
_a1133 páginas _c19 cm. |
||
| 336 |
_atexto _btxt _2rdacontent |
||
| 337 |
_asin mediación _bn _2rdamedia |
||
| 338 |
_avolumen _bnc _2rdacarrier |
||
| 650 | 0 | 0 |
_aNovela rusa _ySiglo XIX _2LEMB _960208 |
| 650 | 0 | 0 |
_aLiteratura rusa _ySiglo XIX _2LEMB _960209 |
| 700 | 1 |
_aEntralgo, José Laín _d1910-1972 _etraductor _960210 |
|
| 700 | 1 |
_aMcDuff, David _d1945- _eintroducción _960211 |
|
| 942 |
_2loc _cBKLIT |
||
| 999 |
_c57280 _d57280 |
||